000 01687nam0a22003971 4500
001 v19\rc\1664893
005 20250619052832.0
035 _a(NLR Aleph) 004840398
090 _a4815862
_c4815862
100 _a20061002d1892 |||y0rusy50 ca
101 0 _arus
102 _aRU
105 _ab z |||||
200 1 _aБудущая война по Сарматикусу и Антисарматикусу [псевд. П.А. Гейсмана]
_eС карт. Европы между меридианами Москвы и Парижа в масштабе 50 в. в дюйме
_fСост. Казак
210 _aБрест-Литовск
_cтипо-лит. А. Розенталя
_d1892
215 _a[4], 130 с., 1 л. карт.
_d26
300 _aПредисл.: Сарматикус
320 _aБиблиогр.: "Источники" (в начале кн.)
702 1 _9z01790
_aГейсман
_bП.А.
_f1853-1919
_gПлатон Александрович
_4570
702 1 _9z02790
_aЛиберт
_bЭ.В.Х. фон
_f1850-1934
_gЭдуард Вильгельм Ханс фон
_4570
702 1 _9z03790
_aГреков
_bА.М.
_f1832-
_gАлександр Матвеевич
_4220
790 0 _9z01702
_aАнтисарматикус
_f1853-1919
790 0 _9z02702
_aСарматикус
_f1850-1934
790 0 _9z03702
_aКазак
_f1832-
801 0 _aRU
_bNLR
_gpsbo
801 0 _aRU
_bRuMoRGB
_2psbo
801 1 _aRU
_bProSoft-M
_2rusmarc
852 _aNLR
_j18.134.2.199
852 _aNLR
_j127/1104
899 _aRuMoRGB
_jΔ 16/60
899 _aRuMoRGB
_jA 207/226
899 _aRuMoRGB
_jU 411/264
899 _aБАН
899 _aГПИБ
942 _cBOOK
980 _aNB